| 000 | 00599nam a22001577a 4500 | ||
|---|---|---|---|
| 003 | NUST | ||
| 038 | _aNusrat Nadeem | ||
| 082 | _a200 | ||
| 100 |
_aQasmani, Mavra Eman _9130560 |
||
| 245 |
_aThe Moderating Role of Emotional Intelligence: Unraveling the Link Between Workplace Ostracism, Employee Silence, and Cognitive Cynicism/ _cMavra Eman Qasmani, |
||
| 264 |
_aIslamabad: _bNBS NUST. _c2025. |
||
| 650 |
_aMS- Management and Human Resource _9122991 |
||
| 700 |
_aSupervisor: Dr. Mehwish Iftikhar _9119918 |
||
| 856 | _u http://10.250.8.41:8080/xmlui/handle/123456789/54641 | ||
| 942 |
_2ddc _cSC |
||
| 999 |
_c614752 _d614752 |
||